Privatizace obecních bytů v Maďarsku
Súčasná bytová politika v Maďarsku. Analýza trhu s bytmi a situácia v oblasti bývania. Vplyv privatizácie na bytovú politiku. Odporúčania Svetovej banky vláde o spôsobe privatizácie v sektore obecných bytov a v prenose vlastníckych práv. Finančné, ekonomické a politické dôsledky privatizácie bývania...
Salvato in:
| Autore principale: | |
|---|---|
| Natura: | Capitolo di libro |
| Lingua: | ceco |
| Soggetti: | |
| Tags: |
Nessun Tag, puoi essere il primo ad aggiungerne!!
|
MARC
| LEADER | 00000naa a2200000 4500 | ||
|---|---|---|---|
| 001 | r027696 | ||
| 005 | 20230912090605.1 | ||
| 041 | 0 | |a cze | |
| 044 | |a CZ | ||
| 245 | 1 | 0 | |a Privatizace obecních bytů v Maďarsku |c Zs. Dániel |
| 520 | |a Súčasná bytová politika v Maďarsku. Analýza trhu s bytmi a situácia v oblasti bývania. Vplyv privatizácie na bytovú politiku. Odporúčania Svetovej banky vláde o spôsobe privatizácie v sektore obecných bytov a v prenose vlastníckych práv. Finančné, ekonomické a politické dôsledky privatizácie bývania. Problémy vyplývajúce z adaptácie a privatizácie bytov. Vplyv životnej úrovne obyvateľstva na získanie bytu. | ||
| 610 | 2 | 0 | |a privatizácia |
| 610 | 2 | 0 | |a byty |
| 610 | 2 | 0 | |a Maďarsko |
| 610 | 2 | 0 | |a politika bytová |
| 610 | 2 | 0 | |a bývanie |
| 610 | 2 | 0 | |a právo vlastnícke |
| 610 | 2 | 0 | |a úroveň životná |
| 610 | 2 | 0 | |a trh bytový |
| 100 | 1 | |a Dániel, Zs. | |